[Event "AUTO-OPEN-4638"]
[Site "http://www.queenalice.com/game.php?id=1869063"]
[Date "2026.2.10"]
[Round "1"]
[White "maurice916"]
[Black "miguel7"]
[Result "0-1"]
[WhiteElo "1820"]
[BlackElo "1867"]

1. Nf3 Nc6 2. b4 Nxb4 3. Bb2 d6 4. a3 Nc6 5. e3 e5 6. d4 e4 7. d5 Nce7 8. Ng1
Nf6 9. c4 Bg4 10. Qc2 c6 11. Nc3 Rc8 12. Nxe4 cxd5 13. Nd2 dxc4 14. Ngf3 Bxf3
15. Nxf3 h6 16. Nd4 d5 17. Be2 Ng6 18. O-O Bc5 19. Bf3 Ne5 20. Be2 O-O 21. Bc3
Nfg4 22. h3 Nf6 23. a4 a5 24. f4 Nc6 25. Bf3 Re8 26. Rfe1 Nh5 27. Bxh5 Qh4 28.
Bf3 Nxd4 29. Qb2 Nxf3+ 30. gxf3 Bxe3+ 31. Kg2 Bxf4 32. Rxe8+ Rxe8 33. Qf2 Qg5+
34. Kh1 Qg3 35. Qxg3 Bxg3 36. Kg2 Be5 37. Bxe5 Rxe5 38. Rd1 c3 39. Rc1 d4 40.
Kf2 b5 41. axb5 Rxb5 42. Ke2 Re5+ 43. Kd3 Re3+ 44. Kxd4 Rxf3 45. h4 a4 46. h5 a3
47. Rxc3 Rxc3 48. Kxc3 f5 0-1

[Event "AUTO-OPEN-4638"]
[Site "http://www.queenalice.com/game.php?id=1869064"]
[Date "2026.2.10"]
[Round "1"]
[White "miguel7"]
[Black "maurice916"]
[Result "0-1"]
[WhiteElo "1875"]
[BlackElo "1842"]

1. e4 c6 2. Bc4 d5 3. exd5 cxd5 4. Bb5+ Bd7 5. Bxd7+ Nxd7 6. d4 e6 7. a3 Ngf6 8.
Bg5 Be7 9. Qf3 Rc8 10. Nc3 a6 11. O-O-O b5 12. Bxf6 Nxf6 13. Nge2 Qc7 14. Qd3
Rb8 15. f3 h6 16. h4 b4 17. axb4 Bxb4 18. Qxa6 O-O 19. g4 Ra8 20. Qd3 Bxc3 21.
Nxc3 Ra1+ 22. Nb1 Qa5 23. g5 hxg5 24. hxg5 Qa2 25. gxf6 Rxb1+ 26. Kd2 Rxd1+ 27.
Rxd1 g6 28. b3 Rc8 29. Rc1 Kf8 30. f4 Qa5+ 31. c3 Ke8 32. Qh3 Kd7 33. Qh7 Rf8
34. Qh1 Qa2+ 35. Rc2 Qxb3 36. Qa1 Rb8 37. Rb2 Qxb2+ 0-1

[Event "AUTO-OPEN-4638"]
[Site "http://www.queenalice.com/game.php?id=1869101"]
[Date "2026.2.10"]
[Round "1"]
[White "chessman"]
[Black "miguel7"]
[Result "1-0"]
[WhiteElo "1998"]
[BlackElo "1870"]

1. e4 e5 2. Nf3 Nc6 3. Bb5 f5 4. Bxc6 bxc6 5. Nxe5 Qg5 6. Qf3 Nf6 7. exf5 Bb7 8.
O-O O-O-O 9. Nf7 Qh5 10. Qxh5 Nxh5 11. Nxh8 Be7 12. Nf7 Rf8 13. Ne5 Rxf5 14. Nf3
c5 15. Re1 Bxf3 16. gxf3 Bd6 17. Kg2 Nf4+ 18. Kh1 g5 19. d3 Nh3 20. Kg2 Nf4+ 21.
Bxf4 Rxf4 22. Nd2 h5 23. Ne4 Be5 24. Nxc5 d6 25. Rxe5 dxe5 26. Re1 Rf5 27. Ne4
g4 28. fxg4 hxg4 29. Kg3 Rh5 30. Nf6 Rg5 31. Nxg4 1-0